00969nam a2200229 a 450000100100000000500170001000800410002704000250006808200260009310000390011924501010015825000120025926000630027130000210033450001210035565000430047665000310051970000420055004900090059295201230060199900150072400000905220240412074209.0090925s1944 dr 001 p spa d aDO-SdBNPbspacBNPHU aRD861.42bC468L, 19441 aChapuseaux A., G. Adalberto92369610aLibro original de acrósticos: / :bG. Adalberto Chapuseaux A. ;prólogo Ofelio Pujol Almaran. a2a. ed. aSantiago, República Dominicana :bMuchas Gracias,c1944. a130 p. ;c22 cm. aDedicado a los padres de la Patria con motivo del primer centenario de la independencia de la República Dominicana 4aPoesía patriótica dominicana92762 0aLiteratura dominicana.9671 aPujol Almaran, Ofelioepról.923697 aBNPD 0010718PDaPDbPDcCTd2009-09-25iLF1l0oRD861.42 C468L, 1944p9052-10r2020-06-25w2020-06-25yLFPDZNo se presta c8816d8816